000 00448nam a2200169Ia 4500
005 20250508152546.0
008 008 250505s9999 xx 000 0 hin d
037 _aBooks to be hide in OPAC
040 _aFEDL
_beng
_cFEDL
041 _ahin
_2eng
084 _a954, SHA/O
_qFEDL
100 _aSharma S R
245 0 _aBharat mein muslim sasan ka itihas
300 _a746p.
942 _cHB
_h954, SHA/O
999 _c1337241
_d1337241